<?xml version="1.0" encoding="UTF-8"?>
<record
    xmlns:xsi="http://www.w3.org/2001/XMLSchema-instance"
    xsi:schemaLocation="http://www.loc.gov/MARC21/slim http://www.loc.gov/standards/marcxml/schema/MARC21slim.xsd"
    xmlns="http://www.loc.gov/MARC21/slim">

  <leader>01351nam a2200337 a 4500</leader>
  <controlfield tag="001">000007137</controlfield>
  <controlfield tag="003">DO-SdBNP</controlfield>
  <controlfield tag="005">20240320135343.0</controlfield>
  <controlfield tag="007">000007137</controlfield>
  <controlfield tag="008">090717s2011   mx   001 0 spa d</controlfield>
  <datafield tag="020" ind1=" " ind2=" ">
    <subfield code="z">9789681675554</subfield>
  </datafield>
  <datafield tag="040" ind1=" " ind2=" ">
    <subfield code="a">BPMSU</subfield>
    <subfield code="b">spa</subfield>
    <subfield code="c">BPMSU</subfield>
  </datafield>
  <datafield tag="082" ind1=" " ind2="4">
    <subfield code="a">972.03</subfield>
    <subfield code="b">V217o 2011</subfield>
    <subfield code="2">22</subfield>
  </datafield>
  <datafield tag="100" ind1="1" ind2=" ">
    <subfield code="a">Van Young, Eric Julian. </subfield>
    <subfield code="d"> </subfield>
  </datafield>
  <datafield tag="245" ind1="1" ind2="3">
    <subfield code="a">La otra rebeli&#xF3;n : </subfield>
    <subfield code="b">la lucha por la independencia de M&#xE9;xico, 1810-1821 /  </subfield>
    <subfield code="c">Eric Van Young ; traducci&#xF3;n de Rossana Reyes Vega.  </subfield>
  </datafield>
  <datafield tag="260" ind1=" " ind2=" ">
    <subfield code="a">M&#xE9;xico : </subfield>
    <subfield code="b">Fondo de Cultura Econ&#xF3;mica ;</subfield>
    <subfield code="c">2011</subfield>
  </datafield>
  <datafield tag="300" ind1=" " ind2=" ">
    <subfield code="a">1007 p. ;  </subfield>
    <subfield code="c">24 cm.</subfield>
    <subfield code="b"> </subfield>
  </datafield>
  <datafield tag="440" ind1=" " ind2=" ">
    <subfield code="x"> </subfield>
  </datafield>
  <datafield tag="490" ind1="0" ind2=" ">
    <subfield code="a">Secci&#xF3;n de obras de historia</subfield>
  </datafield>
  <datafield tag="500" ind1=" " ind2=" ">
    <subfield code="a">Incluye bibliograf&#xED;a e &#xED;ndice.</subfield>
  </datafield>
  <datafield tag="504" ind1=" " ind2=" ">
    <subfield code="a">Incluye referencias bibliogr&#xE1;ficas y notas al pie de las p&#xE1;ginas </subfield>
  </datafield>
  <datafield tag="534" ind1=" " ind2=" ">
    <subfield code="p">T&#xED;tulo original :  </subfield>
    <subfield code="t">The other rebellion. Popular violence, ideology, and the mexican struggle for indepedence, 1810-1821. </subfield>
    <subfield code="a"> </subfield>
  </datafield>
  <datafield tag="590" ind1=" " ind2=" ">
    <subfield code="a">Inventariado, 2024/VM</subfield>
  </datafield>
  <datafield tag="651" ind1=" " ind2="4">
    <subfield code="a">Ind&#xED;genas de M&#xE9;xico </subfield>
    <subfield code="x">Historia</subfield>
    <subfield code="y">Siglo XIX </subfield>
  </datafield>
  <datafield tag="651" ind1=" " ind2="4">
    <subfield code="a">M&#xE9;xico </subfield>
    <subfield code="x">Historia</subfield>
    <subfield code="y"> Guerra de independencia, 1810-1821 </subfield>
  </datafield>
  <datafield tag="700" ind1="1" ind2=" ">
    <subfield code="a">Reyes Vega, Rossana.,  </subfield>
    <subfield code="e">tr.</subfield>
  </datafield>
  <datafield tag="710" ind1="2" ind2=" ">
    <subfield code="a">Fondo de Cultura Econ&#xF3;mica (M&#xE9;xico)</subfield>
  </datafield>
  <datafield tag="710" ind1="2" ind2=" ">
    <subfield code="a">Instituto Nacional de Antropolog&#xED;a e Historia (M&#xE9;xico)</subfield>
  </datafield>
  <datafield tag="910" ind1=" " ind2=" ">
    <subfield code="a">VMateo V. Control de calidad BPMSU</subfield>
  </datafield>
  <datafield tag="942" ind1=" " ind2=" ">
    <subfield code="2">ddc</subfield>
    <subfield code="c">BK</subfield>
  </datafield>
  <datafield tag="952" ind1=" " ind2=" ">
    <subfield code="0">0</subfield>
    <subfield code="1">0</subfield>
    <subfield code="2">ddc</subfield>
    <subfield code="4">0</subfield>
    <subfield code="7">0</subfield>
    <subfield code="8">CG</subfield>
    <subfield code="a">BPMET</subfield>
    <subfield code="b">BPMET</subfield>
    <subfield code="d">2024-03-20</subfield>
    <subfield code="e"> Fondo de Cultura Econ&#xF3;mica</subfield>
    <subfield code="l">0</subfield>
    <subfield code="o">BPMSU CG 972.03 V217o 2011</subfield>
    <subfield code="p">BPMSU24030070</subfield>
    <subfield code="r">2024-03-20</subfield>
    <subfield code="w">2024-03-20</subfield>
    <subfield code="y">BK</subfield>
  </datafield>
  <datafield tag="999" ind1=" " ind2=" ">
    <subfield code="c">14608</subfield>
    <subfield code="d">14608</subfield>
  </datafield>
</record>
